Statistics for Regions of Mississippi

Click here to take the quiz!

General Stats

  • This quiz has been taken 10 times
  • The average score is 3 of 8

Answer Stats

Region% Correct
Delta
100%
Coast
57%
Southwest
43%
Pine Belt
29%
Capital Region
14%
East Central
14%
North Mississippi
14%
Golden Triangle Region
0%

Score Distribution

Percentile by Number Answered

Percent of People with Each Score

Your Score History

You have not taken this quiz